Destino di donna /

সংরক্ষণ করুন:
গ্রন্থ-পঞ্জীর বিবরন
প্রধান লেখক: Kaffka, Margit (লেখক)
অন্যান্য লেখক: Ruspanti, Roberto
বিন্যাস: গ্রন্থ
ভাষা:ইতালিয়
প্রকাশিত: Roma : Gaffi, 2006
মালা:Godot
ট্যাগগুলো: ট্যাগ যুক্ত করুন
কোনো ট্যাগ নেই, প্রথমজন হিসাবে ট্যাগ করুন!

MARC

LEADER 00000nam a22000007i 4500
001 IT\ICCU\LO1\1064908
003 ItRI
005 20260115231954.0
008 060627s2006 it |||||| ||||| |||||c
020 |a 8887803765 
020 |a 9788887803969 
040 |b ita  |c importazione bologna sebina 
041 7 |a ita  |2 ISO-639-2 
082 |a 894.51133  |9 NARRATIVA UNGHERESE. 1900-1999  |2 21 
100 1 |a Kaffka, Margit  |0 IT\ICCU\CFIV\032890  |4 aut 
240 1 0 |a Maria evei.  |3 IT\ICCU\LO1\1064923  |9 Kaffka, Margit 
245 1 0 |a Destino di donna /  |c Margit Kaffka ; traduzione dall'ungherese di Roberto Ruspanti. 
260 |a Roma :  |b Gaffi,  |c 2006 
300 |a 267 p. ;  |c 22 cm 
700 1 |a Ruspanti, Roberto  |0 IT\ICCU\MILV\074465 
830 0 |a Godot  |0 IT\ICCU\LO1\1024404 
942 |2 ddc  |c BK  |n 0 
952 |0 0  |1 0  |4 0  |6 DOC_894_511000000000000_KAF  |7 0  |9 18207  |a BO  |b BO  |d 2026-01-15  |i 14257  |l 0  |o DOC 894.511 KAF  |p BO14257  |r 2026-01-15 23:19:54  |w 2026-01-15  |x [Sebina 5] [1 v.]  |y BK  |z 1 v. 
952 |0 0  |1 0  |4 0  |6 DOC_894_511000000000000_KAF  |7 0  |9 18208  |a BO  |b BO  |d 2026-01-15  |i 14381  |l 0  |o DOC 894.511 KAF  |p BO14381  |r 2026-01-15 23:19:54  |w 2026-01-15  |x [Sebina 5] [1 v.]  |y BK  |z 1 v. (2. copia) 
999 |c 15428  |d 15428